[Event "Deutsche Ländermeisterschaft 2017"]
[Site "Hannover GER"]
[Date "2017.10.04"]
[Round "7"]
[White "Silber, Kevin"]
[Black "Delere, Adrian"]
[Result "1/2-1/2"]
[Termination "normal"]
[Board "5.3"]
[WhiteElo "1992"]
[BlackElo "1872"]
[WhiteClock "01:04:50"]
[BlackClock "00:17:25"]
[WhiteTeam "Bremen"]
[BlackTeam "Nordrhein-Westfalen"]
[PlyCount "94"]
[WhiteFideId "12930440"]
[BlackFideId "12990400"]
[EventCountry "GER"]
[EventRounds "7"]
[EventType "team-swiss"]
[EventDate "2017.09.29"]

1. e4 {[%clk 1:30:58]} e5 {[%clk 1:30:55]} 2. Nf3 {[%clk 1:31:24]} Nc6 {[%clk
1:31:22]} 3. Bb5 {[%clk 1:31:49]} a6 {[%clk 1:31:43]} 4. Bxc6 {[%clk 1:32:15]}
dxc6 {[%clk 1:32:08]} 5. O-O {[%clk 1:32:39]} Qf6 {[%clk 1:32:23]} 6. d3 {[%clk
1:33:04]} Be7 {[%clk 1:26:33]} 7. Nbd2 {[%clk 1:32:00]} Bg4 {[%clk 1:22:53]} 8.
h3 {[%clk 1:32:22]} Bh5 {[%clk 1:19:36]} 9. g4 {[%clk 1:31:35]} Bg6 {[%clk
1:20:02]} 10. Re1 {[%clk 1:29:33]} c5 {[%clk 1:15:59]} 11. c3 {[%clk 1:26:58]}
Qe6 {[%clk 1:10:42]} 12. Kg2 {[%clk 1:26:23]} O-O-O {[%clk 1:09:20]} 13. Nc4
{[%clk 1:25:25]} f6 {[%clk 1:09:28]} 14. Nh4 {[%clk 1:22:56]} Bf7 {[%clk
1:09:05]} 15. Nf5 {[%clk 1:22:38]} Qd7 {[%clk 1:06:47]} 16. Qb3 {[%clk
1:19:30]} Bf8 {[%clk 0:57:12]} 17. a4 {[%clk 1:14:40]} g6 {[%clk 0:50:59]} 18.
Ng3 {[%clk 1:11:17]} Kb8 {[%clk 0:36:03]} 19. Rd1 {[%clk 1:09:50]} h5 {[%clk
0:30:19]} 20. gxh5 {[%clk 1:04:29]} gxh5 {[%clk 0:30:43]} 21. Be3 {[%clk
1:01:03]} h4 {[%clk 0:26:54]} 22. Nf5 {[%clk 0:57:52]} Ne7 {[%clk 0:26:50]} 23.
Nxe7 {[%clk 0:52:06]} Bxe7 {[%clk 0:27:07]} 24. Qc2 {[%clk 0:48:24]} Rhg8+
{[%clk 0:26:36]} 25. Kh2 {[%clk 0:48:21]} Be6 {[%clk 0:25:15]} 26. Rg1 {[%clk
0:48:21]} Bxh3 {[%clk 0:21:56]} 27. b4 cxb4 {[%clk 0:19:16]} 28. cxb4 {[%clk
0:47:43]} Be6 {[%clk 0:19:38]} 29. Nb2 {[%clk 0:45:10]} Bxb4 {[%clk 0:15:55]}
30. a5 {[%clk 0:45:33]} Rxg1 {[%clk 0:15:27]} 31. Rxg1 {[%clk 0:45:55]} Rg8
{[%clk 0:15:45]} 32. Rxg8+ {[%clk 0:45:08]} Bxg8 {[%clk 0:16:11]} 33. Qe2
{[%clk 0:45:19]} Qe6 {[%clk 0:11:41]} 34. Nc4 {[%clk 0:43:25]} Bf7 {[%clk
0:07:43]} 35. Qf3 {[%clk 0:40:55]} Be8 {[%clk 0:06:45]} 36. Qg2 {[%clk
0:38:44]} Bf8 {[%clk 0:06:10]} 37. f3 {[%clk 0:38:41]} h3 {[%clk 0:04:42]} 38.
Qxh3 {[%clk 0:38:24]} Qxh3+ {[%clk 0:05:09]} 39. Kxh3 {[%clk 0:38:49]} Kc8
{[%clk 0:03:07]} 40. Kg4 {[%clk 0:37:33]} Bd7+ {[%clk 0:03:07]} 41. Kh5 {[%clk
0:36:57]} Kd8 {[%clk 0:00:45]} 42. Kg6 {[%clk 0:37:11]} Be7 {[%clk 0:01:04]}
43. Bh6 {[%clk 0:34:23]} Be8+ {[%clk 0:00:45]} 44. Kf5 {[%clk 0:34:40]} Bd7+
{[%clk 0:22:02]} 45. Kg6 {[%clk 1:05:27]} Be8+ {[%clk 0:20:26]} 46. Kf5 {[%clk
1:04:37]} Bd7+ {[%clk 0:17:25]} 47. Kg6 {[%clk 1:04:50]} Be8+ 1/2-1/2

[Event "Deutsche Ländermeisterschaft 2017"]
[Site "Hannover GER"]
[Date "2017.10.04"]
[Round "7"]
[White "Arakelian, Aik"]
[Black "Heldt, Nils-Lennart"]
[Result "1/2-1/2"]
[Termination "normal"]
[Board "5.4"]
[WhiteElo "1762"]
[BlackElo "2001"]
[WhiteClock "00:56:50"]
[BlackClock "00:25:56"]
[WhiteTeam "Nordrhein-Westfalen"]
[BlackTeam "Bremen"]
[PlyCount "101"]
[WhiteFideId "16220340"]
[BlackFideId "12952109"]
[EventCountry "GER"]
[EventRounds "7"]
[EventType "team-swiss"]
[EventDate "2017.09.29"]

1. e4 {[%clk 1:30:56]} e6 {[%clk 1:29:50]} 2. d4 {[%clk 1:30:46]} d5 {[%clk
1:30:11]} 3. exd5 {[%clk 1:30:45]} exd5 {[%clk 1:30:35]} 4. Nf3 {[%clk
1:30:30]} Nc6 {[%clk 1:29:08]} 5. Bd3 {[%clk 1:29:16]} Bg4 {[%clk 1:28:50]} 6.
c3 {[%clk 1:29:36]} Qd7 {[%clk 1:28:15]} 7. O-O {[%clk 1:28:54]} O-O-O {[%clk
1:28:15]} 8. b4 {[%clk 1:29:00]} Bd6 {[%clk 1:28:16]} 9. Nbd2 {[%clk 1:26:49]}
Nce7 {[%clk 1:27:37]} 10. Qc2 {[%clk 1:26:41]} f6 {[%clk 1:26:53]} 11. a4
{[%clk 1:25:01]} Ng6 {[%clk 1:25:31]} 12. h3 {[%clk 1:23:37]} Be6 {[%clk
1:25:30]} 13. Nb3 {[%clk 1:21:30]} N8e7 {[%clk 1:24:46]} 14. Nc5 {[%clk
1:20:02]} Bxc5 {[%clk 1:24:47]} 15. dxc5 {[%clk 1:20:11]} Ne5 {[%clk 1:23:57]}
16. Nd4 {[%clk 1:18:19]} Kb8 {[%clk 1:21:10]} 17. Nxe6 {[%clk 1:17:32]} Qxe6
{[%clk 1:21:30]} 18. b5 {[%clk 1:16:21]} d4 {[%clk 1:14:55]} 19. c4 {[%clk
1:06:48]} Rhe8 {[%clk 1:10:37]} 20. a5 {[%clk 1:03:29]} Nxd3 {[%clk 1:09:53]}
21. Qxd3 {[%clk 1:03:24]} Qf5 {[%clk 1:10:07]} 22. Qa3 {[%clk 1:03:28]} d3
{[%clk 1:06:21]} 23. Be3 {[%clk 1:02:23]} Qe4 {[%clk 1:05:37]} 24. a6 {[%clk
1:01:21]} b6 {[%clk 1:05:00]} 25. cxb6 {[%clk 1:01:13]} cxb6 {[%clk 1:04:39]}
26. c5 {[%clk 1:00:54]} Nd5 {[%clk 1:04:15]} 27. Bd2 {[%clk 0:57:47]} Qc4
{[%clk 0:58:59]} 28. cxb6 {[%clk 0:57:18]} Nxb6 {[%clk 0:59:16]} 29. Rfc1
{[%clk 0:56:00]} Qxb5 {[%clk 0:56:38]} 30. Rc5 {[%clk 0:54:58]} Qd7 {[%clk
0:56:08]} 31. Bf4+ {[%clk 0:54:45]} Ka8 {[%clk 0:55:48]} 32. Rc7 {[%clk
0:54:41]} Qe6 {[%clk 0:50:59]} 33. Rac1 {[%clk 0:49:03]} d2 {[%clk 0:44:55]}
34. Bxd2 {[%clk 0:39:30]} Rxd2 {[%clk 0:44:28]} 35. Rxg7 {[%clk 0:38:34]} Rd7
{[%clk 0:18:24]} 36. Qf3+ {[%clk 0:33:37]} Qd5 {[%clk 0:08:19]} 37. Rxd7 {[%clk
0:31:30]} Qxf3 {[%clk 0:08:26]} 38. Rxa7+ {[%clk 0:31:57]} Kxa7 {[%clk
0:08:38]} 39. gxf3 {[%clk 0:32:24]} Re7 {[%clk 0:08:13]} 40. Rc6 {[%clk
0:32:18]} Rf7 {[%clk 0:08:28]} 41. Kg2 {[%clk 0:32:21]} Kxa6 {[%clk 0:08:47]}
42. Kg3 {[%clk 0:32:44]} Kb7 {[%clk 0:08:05]} 43. Rc5 {[%clk 0:30:48]} Nd7
{[%clk 0:07:51]} 44. Rc3 {[%clk 0:29:51]} Kb6 {[%clk 0:07:28]} 45. Rc8 {[%clk
0:28:37]} Rf8 {[%clk 0:02:56]} 46. Rxf8 {[%clk 0:24:40]} Nxf8 {[%clk 0:02:45]}
47. Kf4 {[%clk 0:25:08]} Kc6 {[%clk 0:28:46]} 48. Kf5 {[%clk 0:56:05]} Nd7
{[%clk 0:29:04]} 49. Ke6 {[%clk 0:56:32]} h5 {[%clk 0:28:10]} 50. h4 {[%clk
0:56:41]} Kc7 {[%clk 0:25:56]} 51. Ke7 {[%clk 0:56:50]} 1/2-1/2

[Event "Deutsche Ländermeisterschaft 2017"]
[Site "Hannover GER"]
[Date "2017.10.04"]
[Round "7"]
[White "Wachinger, David"]
[Black "Müdder, Melanie"]
[Result "1-0"]
[Termination "normal"]
[Board "5.5"]
[WhiteElo "1945"]
[BlackElo "1798"]
[WhiteClock "00:07:30"]
[BlackClock "00:03:40"]
[WhiteTeam "Bremen"]
[BlackTeam "Nordrhein-Westfalen"]
[PlyCount "51"]
[WhiteFideId "24692689"]
[BlackFideId "12994103"]
[EventCountry "GER"]
[EventRounds "7"]
[EventType "team-swiss"]
[EventDate "2017.09.29"]

1. d4 {[%clk 1:30:58]} f5 {[%clk 1:30:52]} 2. e4 {[%clk 1:27:36]} fxe4 {[%clk
1:27:27]} 3. Nc3 {[%clk 1:24:12]} Nf6 {[%clk 1:17:20]} 4. Bg5 {[%clk 1:24:03]}
Nc6 {[%clk 1:11:37]} 5. d5 {[%clk 1:22:54]} Ne5 {[%clk 1:09:36]} 6. Qe2 {[%clk
1:19:10]} g6 {[%clk 0:58:29]} 7. f4 {[%clk 1:13:34]} Neg4 {[%clk 0:53:00]} 8.
h3 {[%clk 1:11:52]} Nh6 {[%clk 0:52:39]} 9. g4 {[%clk 1:07:45]} Nhg8 {[%clk
0:48:31]} 10. O-O-O {[%clk 1:05:43]} Bg7 {[%clk 0:46:02]} 11. Bg2 {[%clk
1:00:48]} c6 {[%clk 0:35:29]} 12. d6 {[%clk 0:58:17]} e6 {[%clk 0:33:56]} 13.
Nxe4 {[%clk 0:57:33]} Qb6 {[%clk 0:30:36]} 14. c3 {[%clk 0:45:20]} Qa5 {[%clk
0:25:00]} 15. Kb1 {[%clk 0:43:29]} b6 {[%clk 0:24:12]} 16. Qc2 {[%clk 0:30:06]}
Nd5 {[%clk 0:19:57]} 17. f5 {[%clk 0:24:21]} Ba6 {[%clk 0:17:50]} 18. Ne2
{[%clk 0:15:25]} h6 {[%clk 0:14:42]} 19. f6 {[%clk 0:10:09]} Bxe2 {[%clk
0:09:08]} 20. Qxe2 {[%clk 0:08:41]} Ngxf6 {[%clk 0:08:40]} 21. Nxf6+ {[%clk
0:08:39]} Nxf6 {[%clk 0:06:54]} 22. Bxf6 {[%clk 0:08:29]} Bxf6 {[%clk 0:07:19]}
23. Be4 {[%clk 0:07:47]} O-O-O {[%clk 0:06:06]} 24. Bxc6 {[%clk 0:07:12]} Rhf8
{[%clk 0:04:25]} 25. Bg2 {[%clk 0:07:18]} Kb8 {[%clk 0:03:40]} 26. Qe4 {[%clk
0:07:30]} 1-0

[Event "Deutsche Ländermeisterschaft 2017"]
[Site "Hannover GER"]
[Date "2017.10.04"]
[Round "7"]
[White "Rudolph, Eva"]
[Black "Silber, Stefanie"]
[Result "0-1"]
[Termination "normal"]
[Board "5.6"]
[WhiteElo "1763"]
[BlackElo "1586"]
[WhiteClock "00:30:08"]
[BlackClock "00:20:18"]
[WhiteTeam "Nordrhein-Westfalen"]
[BlackTeam "Bremen"]
[PlyCount "102"]
[WhiteFideId "16200594"]
[BlackFideId "12918245"]
[EventCountry "GER"]
[EventRounds "7"]
[EventType "team-swiss"]
[EventDate "2017.09.29"]

1. e4 {[%clk 1:30:57]} c6 {[%clk 1:30:55]} 2. d4 {[%clk 1:31:22]} d5 {[%clk
1:31:20]} 3. e5 {[%clk 1:31:46]} Bf5 {[%clk 1:31:43]} 4. Be3 {[%clk 1:32:07]}
e6 {[%clk 1:32:05]} 5. Nd2 {[%clk 1:32:17]} Nd7 {[%clk 1:31:30]} 6. Ngf3 {[%clk
1:32:22]} Qc7 {[%clk 1:30:50]} 7. Be2 {[%clk 1:29:34]} f6 {[%clk 1:29:50]} 8.
exf6 {[%clk 1:10:05]} Ngxf6 {[%clk 1:28:35]} 9. O-O {[%clk 1:08:02]} Bd6 {[%clk
1:24:22]} 10. Re1 {[%clk 1:04:07]} Ng4 {[%clk 1:21:10]} 11. Nf1 {[%clk
0:55:47]} Nxe3 {[%clk 1:14:08]} 12. Nxe3 {[%clk 0:55:09]} O-O-O {[%clk
1:05:03]} 13. c4 {[%clk 0:47:53]} Be4 {[%clk 1:02:26]} 14. h3 {[%clk 0:44:11]}
h6 {[%clk 1:00:49]} 15. Qa4 {[%clk 0:41:20]} Kb8 {[%clk 0:58:27]} 16. b4 {[%clk
0:39:31]} Nf6 {[%clk 0:55:59]} 17. Rec1 {[%clk 0:31:31]} Bf4 {[%clk 0:48:57]}
18. Rc3 {[%clk 0:26:16]} dxc4 {[%clk 0:42:28]} 19. Nxc4 {[%clk 0:24:43]} Nd5
{[%clk 0:39:05]} 20. Ra3 {[%clk 0:22:50]} b5 {[%clk 0:36:29]} 21. Qb3 {[%clk
0:17:44]} bxc4 {[%clk 0:33:40]} 22. Qxc4 {[%clk 0:17:57]} Ka8 {[%clk 0:31:32]}
23. Rb3 {[%clk 0:09:31]} Nb6 {[%clk 0:24:48]} 24. Qc3 {[%clk 0:06:20]} Na4
{[%clk 0:23:45]} 25. Qe1 {[%clk 0:06:20]} g5 {[%clk 0:16:44]} 26. Ra3 {[%clk
0:05:04]} Nb6 {[%clk 0:15:25]} 27. Rc3 {[%clk 0:04:23]} h5 {[%clk 0:10:51]} 28.
Ne5 {[%clk 0:03:28]} Rxd4 {[%clk 0:08:36]} 29. Nxc6 Bxc6 {[%clk 0:05:29]} 30.
Bf3 {[%clk 0:00:48]} Nd5 {[%clk 0:03:25]} 31. Rc2 {[%clk 0:00:46]} Qd6 {[%clk
0:03:08]} 32. Qe2 {[%clk 0:00:40]} Nxb4 {[%clk 0:02:12]} 33. Bxc6+ {[%clk
0:00:40]} Nxc6 {[%clk 0:02:32]} 34. Rb1 {[%clk 0:00:48]} Rd8 {[%clk 0:02:39]}
35. g3 {[%clk 0:00:34]} Rd1+ {[%clk 0:02:03]} 36. Rxd1 {[%clk 0:00:55]} Qxd1+
{[%clk 0:02:28]} 37. Qxd1 {[%clk 0:01:17]} Rxd1+ {[%clk 0:02:52]} 38. Kg2
{[%clk 0:01:46]} Nd4 {[%clk 0:02:07]} 39. Rc8+ {[%clk 0:01:37]} Kb7 {[%clk
0:02:18]} 40. Rh8 {[%clk 0:01:54]} Bd2 {[%clk 0:00:54]} 41. Rxh5 {[%clk
0:01:57]} Ra1 {[%clk 0:00:36]} 42. h4 {[%clk 0:01:49]} Rxa2 {[%clk 0:29:27]}
43. hxg5 {[%clk 0:32:25]} Be3 {[%clk 0:25:37]} 44. Rh7+ {[%clk 0:32:28]} Kb6
{[%clk 0:25:13]} 45. g6 {[%clk 0:31:57]} Rxf2+ {[%clk 0:23:52]} 46. Kh3 {[%clk
0:31:49]} Rf6 {[%clk 0:21:32]} 47. Rg7 {[%clk 0:30:53]} Nf5 {[%clk 0:21:42]}
48. Rg8 {[%clk 0:31:05]} Ne7 {[%clk 0:21:09]} 49. Rb8+ {[%clk 0:30:09]} Kc7
{[%clk 0:20:34]} 50. Rb3 {[%clk 0:30:25]} Nd5 {[%clk 0:19:53]} 51. g7 {[%clk
0:30:08]} Rg6 {[%clk 0:20:18]} 0-1

[Event "Deutsche Ländermeisterschaft 2017"]
[Site "Hannover GER"]
[Date "2017.10.04"]
[Round "7"]
[White "Duan, Muxi"]
[Black "Möller, Lisa-Marie"]
[Result "0-1"]
[Termination "normal"]
[Board "5.7"]
[WhiteElo "1387"]
[BlackElo "1838"]
[WhiteClock "00:06:51"]
[BlackClock "00:25:19"]
[WhiteTeam "Bremen"]
[BlackTeam "Nordrhein-Westfalen"]
[PlyCount "62"]
[WhiteFideId "12971960"]
[BlackFideId "12959367"]
[EventCountry "GER"]
[EventRounds "7"]
[EventType "team-swiss"]
[EventDate "2017.09.29"]

1. e4 {[%clk 1:30:57]} c5 {[%clk 1:30:52]} 2. Nf3 {[%clk 1:30:00]} e6 {[%clk
1:31:15]} 3. d4 {[%clk 1:29:47]} cxd4 {[%clk 1:31:37]} 4. Nxd4 {[%clk 1:30:15]}
a6 {[%clk 1:31:55]} 5. Nc3 {[%clk 1:28:39]} b5 {[%clk 1:32:02]} 6. a3 {[%clk
1:28:47]} Bb7 {[%clk 1:31:21]} 7. Bd3 {[%clk 1:22:50]} Qb6 {[%clk 1:29:59]} 8.
Nf3 {[%clk 1:19:47]} Qc7 {[%clk 1:27:51]} 9. O-O {[%clk 1:15:43]} d6 {[%clk
1:26:18]} 10. Bf4 {[%clk 1:13:49]} Nd7 {[%clk 1:24:22]} 11. Re1 {[%clk
1:11:08]} Ngf6 {[%clk 1:13:35]} 12. h3 {[%clk 1:09:58]} Be7 {[%clk 1:12:21]}
13. Qd2 {[%clk 0:55:25]} O-O {[%clk 1:09:36]} 14. Re3 {[%clk 0:46:32]} Rfd8
{[%clk 1:05:02]} 15. Qe2 {[%clk 0:37:58]} Nb6 {[%clk 0:58:31]} 16. e5 {[%clk
0:37:19]} Nfd5 {[%clk 0:54:02]} 17. Bg3 {[%clk 0:33:20]} Nxe3 {[%clk 0:53:42]}
18. Qxe3 {[%clk 0:32:53]} Nd5 {[%clk 0:51:56]} 19. Nxd5 {[%clk 0:32:36]} Bxd5
{[%clk 0:52:00]} 20. Nd4 {[%clk 0:30:49]} dxe5 {[%clk 0:48:21]} 21. Bxe5 {[%clk
0:29:49]} Bd6 {[%clk 0:47:11]} 22. Bxd6 {[%clk 0:26:47]} Qxd6 {[%clk 0:46:36]}
23. Nf3 {[%clk 0:22:50]} Rac8 {[%clk 0:41:48]} 24. Ne5 {[%clk 0:19:35]} f6
{[%clk 0:35:56]} 25. Ng4 {[%clk 0:20:03]} Bc4 {[%clk 0:34:17]} 26. Rd1 {[%clk
0:12:56]} Qc6 {[%clk 0:30:46]} 27. Qg3 {[%clk 0:10:54]} Bxd3 {[%clk 0:25:57]}
28. Rxd3 {[%clk 0:08:06]} Rxd3 {[%clk 0:25:38]} 29. Qxd3 {[%clk 0:06:45]} Qxc2
{[%clk 0:25:22]} 30. Qd7 {[%clk 0:06:23]} Qc1+ {[%clk 0:25:19]} 31. Kh2 {[%clk
0:06:51]} Qc7+ 0-1

[Event "Deutsche Ländermeisterschaft 2017"]
[Site "Hannover GER"]
[Date "2017.10.04"]
[Round "7"]
[White "Recktenwald, Cedric"]
[Black "Hess, Max"]
[Result "1/2-1/2"]
[Termination "normal"]
[Board "6.1"]
[WhiteElo "1745"]
[BlackElo "2251"]
[WhiteClock "00:13:06"]
[BlackClock "00:47:04"]
[WhiteTeam "Saarland"]
[BlackTeam "Bayern"]
[PlyCount "86"]
[WhiteFideId "12971928"]
[BlackFideId "24656666"]
[EventCountry "GER"]
[EventRounds "7"]
[EventType "team-swiss"]
[EventDate "2017.09.29"]

1. e4 {[%clk 1:30:58]} c5 {[%clk 1:30:47]} 2. Nf3 {[%clk 1:31:22]} e6 {[%clk
1:30:47]} 3. b3 {[%clk 1:31:44]} b6 {[%clk 1:30:39]} 4. Bb2 {[%clk 1:31:45]}
Bb7 {[%clk 1:30:52]} 5. Nc3 {[%clk 1:31:58]} Nc6 {[%clk 1:30:56]} 6. g3 {[%clk
1:28:54]} a6 {[%clk 1:29:45]} 7. Bg2 {[%clk 1:28:47]} Qc7 {[%clk 1:29:38]} 8.
O-O {[%clk 1:27:34]} Nf6 {[%clk 1:27:30]} 9. a4 {[%clk 1:15:36]} Be7 10. d3
{[%clk 1:12:02]} O-O {[%clk 1:23:23]} 11. Nd2 {[%clk 1:07:44]} d6 {[%clk
1:11:30]} 12. f4 {[%clk 1:03:53]} Nd4 {[%clk 1:08:17]} 13. Nc4 {[%clk 0:50:08]}
d5 {[%clk 1:01:54]} 14. exd5 {[%clk 0:42:27]} exd5 {[%clk 1:01:45]} 15. Ne3
{[%clk 0:42:31]} Rad8 {[%clk 1:01:05]} 16. Ne2 {[%clk 0:37:53]} Nxe2+ {[%clk
1:00:31]} 17. Qxe2 {[%clk 0:38:22]} Rfe8 {[%clk 1:00:03]} 18. Qf3 {[%clk
0:27:00]} Ba8 {[%clk 0:57:07]} 19. Be5 {[%clk 0:24:53]} Qd7 {[%clk 0:54:43]}
20. Qd1 {[%clk 0:20:20]} d4 {[%clk 0:53:18]} 21. Bxf6 {[%clk 0:18:16]} dxe3
{[%clk 0:51:23]} 22. Be5 {[%clk 0:16:17]} Bxg2 {[%clk 0:51:03]} 23. Kxg2 {[%clk
0:16:06]} Bf6 {[%clk 0:50:34]} 24. Qf3 {[%clk 0:14:28]} Bxe5 {[%clk 0:50:26]}
25. fxe5 {[%clk 0:14:50]} Rxe5 {[%clk 0:50:28]} 26. Rae1 {[%clk 0:14:36]} Rde8
{[%clk 0:50:51]} 27. Re2 {[%clk 0:13:59]} g6 {[%clk 0:49:52]} 28. Rfe1 {[%clk
0:11:31]} Qd4 {[%clk 0:48:18]} 29. Qb7 {[%clk 0:10:19]} R8e6 {[%clk 0:46:36]}
30. Qxa6 {[%clk 0:10:17]} Qd5+ {[%clk 0:44:06]} 31. Kg1 {[%clk 0:10:46]} Rf5
{[%clk 0:41:05]} 32. Rxe3 {[%clk 0:05:08]} Qd4 {[%clk 0:40:39]} 33. c3 {[%clk
0:05:21]} Rxe3 {[%clk 0:31:13]} 34. cxd4 {[%clk 0:05:30]} Rxe1+ {[%clk
0:31:41]} 35. Kg2 {[%clk 0:05:55]} Re2+ {[%clk 0:32:06]} 36. Kg1 {[%clk
0:05:37]} Rff2 {[%clk 0:30:46]} 37. Qxb6 {[%clk 0:03:50]} Rg2+ {[%clk 0:25:25]}
38. Kf1 {[%clk 0:03:15]} Ref2+ {[%clk 0:22:43]} 39. Ke1 {[%clk 0:03:31]} h5
{[%clk 0:19:59]} 40. Qd8+ {[%clk 0:00:37]} Kh7 {[%clk 0:20:13]} 41. Qe7 {[%clk
0:27:01]} cxd4 {[%clk 0:48:15]} 42. a5 {[%clk 0:14:28]} Kg7 {[%clk 0:47:04]}
43. Qe5+ {[%clk 0:13:06]} Kh7 *

[Event "Deutsche Ländermeisterschaft 2017"]
[Site "Hannover GER"]
[Date "2017.10.04"]
[Round "7"]
[White "Goldbeck, Lars"]
[Black "Jenner, Meikel"]
[Result "1-0"]
[Termination "normal"]
[Board "6.2"]
[WhiteElo "2178"]
[BlackElo "1528"]
[WhiteClock "00:43:08"]
[BlackClock "00:34:22"]
[WhiteTeam "Bayern"]
[BlackTeam "Saarland"]
[PlyCount "49"]
[WhiteFideId "16208188"]
[BlackFideId "16245342"]
[EventCountry "GER"]
[EventRounds "7"]
[EventType "team-swiss"]
[EventDate "2017.09.29"]

1. e4 {[%clk 1:30:57]} Nf6 {[%clk 1:30:54]} 2. e5 {[%clk 1:30:53]} Nd5 {[%clk
1:31:20]} 3. d4 {[%clk 1:31:01]} d6 {[%clk 1:31:45]} 4. Nf3 {[%clk 1:31:27]} g6
{[%clk 1:31:32]} 5. Bc4 {[%clk 1:31:25]} Nb6 {[%clk 1:31:56]} 6. Bb3 {[%clk
1:31:46]} Bg7 {[%clk 1:32:01]} 7. O-O {[%clk 1:31:31]} O-O {[%clk 1:31:56]} 8.
Qe2 {[%clk 1:28:33]} Nc6 {[%clk 1:25:03]} 9. Rd1 {[%clk 1:24:43]} Bg4 {[%clk
1:21:35]} 10. Bf4 {[%clk 1:18:03]} Qc8 {[%clk 1:19:01]} 11. Qe4 {[%clk
1:00:54]} Na5 {[%clk 0:58:18]} 12. Nc3 {[%clk 0:57:12]} Nxb3 {[%clk 0:57:35]}
13. axb3 {[%clk 0:57:39]} Nd7 {[%clk 0:56:26]} 14. Nd5 {[%clk 0:56:09]} Re8
{[%clk 0:55:21]} 15. Bg5 {[%clk 0:54:09]} Bf5 {[%clk 0:54:09]} 16. Qh4 {[%clk
0:53:44]} Bxc2 {[%clk 0:48:36]} 17. Rdc1 {[%clk 0:53:21]} Bxb3 {[%clk 0:40:13]}
18. Nxc7 {[%clk 0:47:20]} dxe5 {[%clk 0:37:24]} 19. Nd2 {[%clk 0:42:29]} f6
{[%clk 0:35:40]} 20. Nxb3 {[%clk 0:42:05]} fxg5 {[%clk 0:36:02]} 21. Qxg5
{[%clk 0:42:11]} exd4 {[%clk 0:35:23]} 22. Nxa8 {[%clk 0:42:18]} Qxa8 {[%clk
0:35:42]} 23. Qd5+ {[%clk 0:42:42]} Kh8 {[%clk 0:34:40]} 24. Qxd7 {[%clk
0:43:00]} d3 {[%clk 0:34:22]} 25. Rxa7 {[%clk 0:43:08]} 1-0

[Event "Deutsche Ländermeisterschaft 2017"]
[Site "Hannover GER"]
[Date "2017.10.04"]
[Round "7"]
[White "Braun, Kristin"]
[Black "Jeschke, Jan"]
[Result "1-0"]
[Termination "normal"]
[Board "6.4"]
[WhiteElo "1834"]
[BlackElo "1261"]
[WhiteClock "00:30:03"]
[BlackClock "00:36:11"]
[WhiteTeam "Bayern"]
[BlackTeam "Saarland"]
[PlyCount "49"]
[WhiteFideId "24656534"]
[BlackFideId "16225430"]
[EventCountry "GER"]
[EventRounds "7"]
[EventType "team-swiss"]
[EventDate "2017.09.29"]

1. e4 {[%clk 1:30:57]} e6 {[%clk 1:30:52]} 2. d4 {[%clk 1:31:21]} d5 {[%clk
1:31:18]} 3. exd5 {[%clk 1:31:49]} exd5 {[%clk 1:31:41]} 4. Nf3 {[%clk
1:32:16]} Bd6 {[%clk 1:32:02]} 5. c4 {[%clk 1:32:41]} Nf6 {[%clk 1:24:50]} 6.
Nc3 {[%clk 1:28:40]} O-O {[%clk 1:21:08]} 7. c5 {[%clk 1:24:52]} Re8+ {[%clk
1:19:18]} 8. Be2 {[%clk 1:22:53]} Be7 {[%clk 1:18:20]} 9. O-O {[%clk 1:22:44]}
Nc6 {[%clk 1:18:15]} 10. Re1 {[%clk 1:15:38]} Bf5 {[%clk 1:14:54]} 11. Bb5
{[%clk 1:12:05]} Qd7 {[%clk 1:08:54]} 12. Ne5 {[%clk 1:10:25]} Qc8 {[%clk
1:04:47]} 13. Nxc6 {[%clk 1:10:08]} bxc6 {[%clk 1:04:23]} 14. Bxc6 {[%clk
1:10:30]} Bf8 {[%clk 0:50:22]} 15. Bxe8 {[%clk 1:09:28]} Nxe8 {[%clk 0:50:29]}
16. Nxd5 {[%clk 1:09:06]} Qd7 {[%clk 0:49:36]} 17. Nc3 {[%clk 0:59:02]} c6
{[%clk 0:48:42]} 18. Be3 {[%clk 0:57:28]} Rd8 {[%clk 0:48:11]} 19. Qd2 {[%clk
0:49:41]} Nf6 {[%clk 0:46:51]} 20. Rad1 {[%clk 0:46:36]} Nd5 {[%clk 0:45:59]}
21. Nxd5 {[%clk 0:45:21]} Qxd5 {[%clk 0:45:22]} 22. b3 {[%clk 0:40:10]} h6
{[%clk 0:39:12]} 23. Bf4 {[%clk 0:34:31]} g5 {[%clk 0:36:48]} 24. Bc7 {[%clk
0:29:49]} Rd7 {[%clk 0:36:11]} 25. Re5 {[%clk 0:30:03]} 1-0